Представление документа в формате RUSMARC

Поле Инд. ПП Название Значение
Тип записи a
Библиографический уровень m
001 Контрольный номер f0150148b99b42b0ac07ccaeef3b2114
005 Дата корректировки 20240627211500.1
010 a ISBN 978-5-93916-688-1
101 0_ a Язык текста rus
102 a Страна публикации RU
200 1_ a Заглавие О языке и праве
f Первые сведения об ответственности Л.И. Новикова
g Последующие сведения об ответственности Рос. гос. ун-т правосудия
210 1_ a Место издания Москва
c Издательство РГУП
d Дата издания 2018
215 a Объем 169 с.
336 a Примечание о виде электронного ресурса PDF
606 a Основная рубрика Языкознание
610 0_ a Ключевые слова ЯЗЫК ПРАВА
a Ключевые слова РГУП
700 _1 a Фамилия Новикова
b Имя Л.И.
801 _0 a Страна RU
b Организация РГУП
g Правила каталогизации PSBO
801 _1 a Страна RU
b Организация РГУП
g Правила каталогизации PSBO
850 a Ресурс Университета Библиотечная система РГУП. Электронный ресурс. Доступ по логину и паролю
852 i Авторский знак Н 73
j Полочный индекс 81
856 4_ u URL http://biblioteka.raj.ru/MegaPro/Web
900 a Макрообъекты 23-20 v5
901 t Тип документа m
905 a Дата ввода 20181218
952 c Вид литературы книга
c Вид литературы издания РГУП
a Тип литературы для КСУ ВШ Н